LEADER 01282nam a2200301 i 4500 001 000000202159 003 CaOOAMICUS 005 20220610143829.0 008 110516s2007 it u000 u ita u 013 $a180865 020 $a978-88-16-40760-2 040 $aSeMil$bita 100 1 $aBalboni Brizza, Maria Teresa.$0(OLS)http://semarc/name/73065 245 10$aImmaginare il museo :$briflessioni sulla didattica e il pubblico /$cMaria Teresa Balboni Brizza. 264 1$aMilano :$bJaca Book,$c2007. 300 $a107 p. ;$c24 cm. 490 1 $aDi fronte e attraverso ;$v760 650 4$aMusei.$0(OLS)http://semarc/subject/1959 650 4$aMuseologia [e] museografia.$0(OLS)http://semarc/subject/52418 650 4$aMusei - Didattica.$0(OLS)http://semarc/subject/37987 830 0$aDi fronte e attraverso ;$v760.$0(OLS)http://semarc/title/6486 850 $aSeMil 852 $aSeMil$W1$xVenegono$y1$m5P VI 16$j152682$B152682$CSeMilBibl$Z2$F169751 $81 961 $aOmaggio: Altro 996 $6020$a978-88-16-40760-2$9(OLS)http://semarc/number/195033 996 $6245$aImmaginare il museo :$briflessioni sulla didattica e il pubblico$9(OLS)http://semarc/title/292618 996 $6264$aMilano :$bJaca Book$9(OLS)http://semarc/publisher/29781 LEADER 01507nam a2200229 i 4500 001 000000110056 003 CaOOAMICUS 005 20021120000000.0 008 021120s1501 it u000 u lat u 013 $a82737 040 $aSeMil$bita 245 10$aMacrobii de Somno Scipionis :$bnec non de Saturnalibus libri : summa diligentia suo nitori restituti sunt .. 260 $aBrescia :$bper Angelum Britannicum,$c1501. 300 $a32 x 23, [2] c. + [6] p., + [1] + 158 c. ;$ccaratteri greci e romani. 500 $aSul verso del foglio di guardia compare la seguente scritta a penna "Jacobus Maties [?] Novocomensis hunc librum possidet - MDCCCLXXVI". - Annotazioni a penna. - La c. 113 è strappata, ma presente. - Descrizione da : Incunaboli e Cinquecentine della Biblioteca del Seminario di Milano / catalogo a cura di Ubaldo Valentini, Appendice V, (pubblicata in La Scuola Cattolica n. 131, Anno 2003, pp. 351-375). - Numero di catalogo : 1799. 650 4$aCinquecentine.$0(OLS)http://semarc/subject/1297 700 1 $aMacrobius, Ambrosius Aurelius Theodosius,$d.$0(OLS)http://semarc/name/9310 850 $aSeMil 852 $aSeMil$W1$xVenegono$y1$mFV.C I 38$j65979$B65979$CSeMilBibl$Z2$F73076 $86 961 $aLascito: Ronchetti Maria 996 $6245$aMacrobii de Somno Scipionis :$bnec non de Saturnalibus libri : summa diligentia suo nitori restituti sunt ..$9(OLS)http://semarc/title/159919 996 $6260$aBrescia :$bper Angelum Britannicum$9(OLS)http://semarc/publisher/45067